000 00243nam a2200109Ia 4500
008 190906s9999||||xx |||||||||||||| ||und||
100 _a Raymond Frost
245 0 _aE Marketing
260 _aUK
_b McGraw Hill
_c2000
300 _a519
942 _cBK
999 _c6096
_d6096